[Event "RUS-ch Higher League (Women) 75th"]
[Site "Lipetsk"]
[Date "2025.07.05"]
[Round "9"]
[White "Vasilieva, Arina"]
[Black "Yakimova, Mariya"]
[Result "0-1"]
[WhiteElo "2011"]
[BlackElo "2278"]
[PlyCount "80"]
[EventDate "2025.06.26"]
[EventType "swiss"]
[EventRounds "9"]
[EventCountry "RUS"]
[SourceTitle "CB28_2025"]
[SourceDate "2025.07.09"]
[SourceVersion "1"]
[SourceVersionDate "2025.07.09"]
[SourceQuality "1"]

1. e4 c5 2. Nf3 Nc6 3. d4 cxd4 4. Nxd4 Nf6 5. Nc3 d6 6. Bg5 Bd7 7. Qd2 a6 8. 0-0-0 e6 9. f4 h6 10. Bh4 Be7 11. Nb3 Qc7 12. Bxf6 gxf6 13. Be2 h5 14. Kb1 0-0-0 15. g3 Kb8 16. Bf3 h4 17. Ne2 Bf8 18. a3 Bc8 19. Ned4 Ne7 20. Rhe1 d5 21. exd5 Nxd5 22. Qe2 Ne7 23. Rd3 Bg7 24. Rc3 Qb6 25. Qe3 Ka8 26. Nf5 Qxe3 27. Nxe3 f5 28. Rc4 Kb8 29. Rb4 Ka7 30. a4 hxg3 31. hxg3 Rh3 32. Rg1 e5 33. fxe5 Bxe5 34. Nc4 Bxg3 35. Bg2 Rh4 36. Nba5 b6 37. Rxb6 Bf2 38. Rc6 Rxc4 39. Rxc4 Bxg1 40. Nb3 Bh2 0-1

[Event "RUS-ch Higher League (Women) 75th"]
[Site "Lipetsk"]
[Date "2025.07.04"]
[Round "8"]
[White "Yakimova, Mariya"]
[Black "Kuznetsova, Marina"]
[Result "1/2-1/2"]
[WhiteElo "2278"]
[BlackElo "2091"]
[PlyCount "99"]
[EventDate "2025.06.26"]
[EventType "swiss"]
[EventRounds "9"]
[EventCountry "RUS"]
[SourceTitle "CB28_2025"]
[SourceDate "2025.07.09"]
[SourceVersion "1"]
[SourceVersionDate "2025.07.09"]
[SourceQuality "1"]

1. d4 Nf6 2. c4 e6 3. Nc3 d5 4. cxd5 exd5 5. Bg5 Be7 6. e3 h6 7. Bh4 Bg4 8. Qb3 Nbd7 9. h3 Be6 10. Bd3 c5 11. Qc2 c4 12. Bf5 Bxf5 13. Qxf5 b5 14. Nf3 g6 15. Qc2 b4 16. Ne2 g5 17. Bg3 Ne4 18. Be5 f6 19. Bh2 Qa5 20. 0-0 0-0 21. Nd2 b3 22. Nxc4 bxc2 23. Nxa5 Rfc8 24. Nb3 Bb4 25. Nec1 a5 26. f3 Nd2 27. Rf2 Nc4 28. Rxc2 a4 29. Nc5 Nxc5 30. dxc5 Bxc5 31. Nd3 Bxe3+ 32. Kh1 Bd4 33. Rac1 Re8 34. b3 axb3 35. axb3 Ne3 36. Rc7 Nf5 37. Nb4 Rad8 38. Nc6 Be3 39. Rd1 Rc8 40. Rxd5 Bb6 41. Rxc8 Rxc8 42. Rxf5 Rxc6 43. Bb8 Rc8 44. Bd6 Kf7 45. Rb5 Rc6 46. Bb8 h5 47. h4 gxh4 48. Rxh5 Bf2 49. g3 hxg3 50. Kg2 1/2-1/2

[Event "RUS-ch Higher League (Women) 75th"]
[Site "Lipetsk"]
[Date "2025.07.02"]
[Round "6"]
[White "Goltseva, Ekaterina"]
[Black "Yakimova, Mariya"]
[Result "1-0"]
[WhiteElo "2330"]
[BlackElo "2278"]
[PlyCount "142"]
[EventDate "2025.06.26"]
[EventType "swiss"]
[EventRounds "9"]
[EventCountry "RUS"]
[SourceTitle "CB28_2025"]
[SourceDate "2025.07.09"]
[SourceVersion "1"]
[SourceVersionDate "2025.07.09"]
[SourceQuality "1"]

1. d4 Nf6 2. c4 e6 3. Nc3 d5 4. Bg5 Be7 5. e3 0-0 6. Nf3 h6 7. Bxf6 Bxf6 8. cxd5 exd5 9. Qb3 c6 10. Bd3 a5 11. 0-0 Na6 12. Rad1 Bg4 13. h3 Be6 14. Bb1 g6 15. a3 Qe7 16. Ne2 c5 17. Nf4 Rfd8 18. dxc5 Nxc5 19. Qb5 Bd7 20. Qe2 Bc6 21. Ba2 Qe4 22. Nd4 Kg7 23. Qg4 Bg5 24. Bb1 Qe8 25. h4 Bd7 26. Qg3 Bxf4 27. exf4 Ne4 28. Qd3 Qe7 29. h5 gxh5 30. f3 Nf6 31. Rfe1 Qd6 32. Re5 Rg8 33. Rde1 Kf8 34. Kf2 Rc8 35. Qe3 Rg7 36. Re2 Kg8 37. Bf5 Kh8 38. Bxd7 Qxd7 39. Re7 Qd8 40. Qe5 Qb6 41. Kg1 Rc1+ 42. Kf2 Rd1 43. Ke3 Qa6 44. Kf2 Qb6 45. Ke3 h4 46. b3 h3 47. gxh3 Qa6 48. Qf5 Qb6 49. Qe5 Rg3 50. Rxf7 Rxd4 51. Qxf6+ Qxf6 52. Rxf6 Re4+ 53. Kf2 Rxe2+ 54. Kxg3 Kg7 55. Rd6 Rd2 56. Rd7+ Kf6 57. Rxb7 Rb2 58. Rb6+ Ke7 59. f5 d4 60. Kf4 d3 61. Ke3 d2 62. Ke2 h5 63. Rb5 Kf6 64. h4 Kf7 65. Kd1 Kf6 66. a4 Kf7 67. Rb6 Ke7 68. f4 Kf7 69. f6 Kg6 70. f5+ Kf7 71. Ke2 Ra2 1-0

[Event "RUS-ch Higher League (Women) 75th"]
[Site "Lipetsk"]
[Date "2025.06.29"]
[Round "4"]
[White "Yakimova, Mariya"]
[Black "Afonasieva, Anna"]
[Result "1-0"]
[WhiteElo "2278"]
[BlackElo "2136"]
[PlyCount "155"]
[EventDate "2025.06.26"]
[EventType "swiss"]
[EventRounds "9"]
[EventCountry "RUS"]
[SourceTitle "CB28_2025"]
[SourceDate "2025.07.09"]
[SourceVersion "1"]
[SourceVersionDate "2025.07.09"]
[SourceQuality "1"]

1. d4 d5 2. c4 e6 3. Nc3 Be7 4. Bf4 Nf6 5. e3 0-0 6. Nf3 b6 7. Rc1 c6 8. cxd5 Nxd5 9. Nxd5 Qxd5 10. a3 Bb7 11. Bd3 Rc8 12. Qc2 h6 13. Bh7+ Kf8 14. Be4 Qd8 15. Ne5 Bd6 16. 0-0 Bxe5 17. dxe5 Qe7 18. Rfd1 Kg8 19. Qd2 c5 20. Bb1 Nc6 21. Qc2 g6 22. Rd6 Rd8 23. Rcd1 Rxd6 24. exd6 Qf6 25. Bxh6 Ne5 26. Bf4 Nd7 27. Qa4 Nf8 28. Be4 Bxe4 29. Qxe4 Rd8 30. Be5 Qf5 31. Qh4 Qh5 32. Qxh5 gxh5 33. Bf6 Rd7 34. f4 Rb7 35. e4 Nd7 36. Bc3 b5 37. Rd3 Rb6 38. Rg3+ Kh7 39. e5 b4 40. axb4 cxb4 41. Bd4 Rc6 42. Rg5 Rc4 43. Rxh5+ Kg7 44. Rg5+ Kf8 45. Be3 a5 46. Rg3 f5 47. h4 Rc8 48. h5 Kf7 49. Bd4 Rh8 50. Rh3 Kg7 51. Kf2 Kh6 52. Rg3 Re8 53. Rg6+ Kxh5 54. Rg7 Rd8 55. Re7 a4 56. Rxe6 a3 57. bxa3 bxa3 58. Re7 a2 59. Ke3 Kg4 60. Rg7+ Kh4 61. g3+ Kh5 62. Kd2 Nb8 63. Rc7 Kg4 64. Rc2 Kxg3 65. Ke3 Na6 66. Rxa2 Nb4 67. Ra5 Nc2+ 68. Kd3 Ne1+ 69. Ke2 Ng2 70. Be3 Rb8 71. Ra4 Rd8 72. Bd2 Kg4 73. Kf2 Nh4 74. Ra7 Ng6 75. Rg7 Kh5 76. Ba5 Ra8 77. Rxg6 Kxg6 78. d7 1-0

[Event "Asia-ch (Women)"]
[Site "Al Ain"]
[Date "2025.05.12"]
[Round "6"]
[White "Yakimova, Mariya"]
[Black "Ananya, Raman"]
[Result "1-0"]
[WhiteElo "2260"]
[BlackElo "1904"]
[PlyCount "59"]
[EventDate "2025.05.07"]
[EventType "swiss"]
[EventRounds "9"]
[EventCountry "UAE"]
[SourceTitle "CB21_2025"]
[SourceDate "2025.05.21"]
[SourceVersion "1"]
[SourceVersionDate "2025.05.21"]
[SourceQuality "1"]

1. d4 Nf6 2. c4 g6 3. Nc3 Bg7 4. e4 d6 5. Be2 0-0 6. Nf3 e5 7. d5 a5 8. Be3 Na6 9. Nd2 Nd7 10. g4 Ndc5 11. h4 f5 12. f3 fxg4 13. fxg4 Bd7 14. g5 c6 15. h5 Nb4 16. Nb3 Nxb3 17. Qxb3 Re8 18. 0-0-0 cxd5 19. Nxd5 Nxd5 20. cxd5 b5 21. Kb1 b4 22. Bd2 gxh5 23. Qg3 Rf8 24. Qh4 h6 25. Rdg1 Kh7 26. Qxh5 Be8 27. g6+ Kg8 28. Bxh6 Qf6 29. Be3 Bxg6 30. Rxg6 1-0

[Event "Asia-ch (Women)"]
[Site "Al Ain"]
[Date "2025.05.11"]
[Round "5"]
[White "Munguntuul, Batkhuyag"]
[Black "Yakimova, Mariya"]
[Result "1-0"]
[WhiteElo "2359"]
[BlackElo "2260"]
[PlyCount "67"]
[EventDate "2025.05.07"]
[EventType "swiss"]
[EventRounds "9"]
[EventCountry "UAE"]
[SourceTitle "CB21_2025"]
[SourceDate "2025.05.21"]
[SourceVersion "1"]
[SourceVersionDate "2025.05.21"]
[SourceQuality "1"]

1. e4 c5 2. Nf3 Nc6 3. d4 cxd4 4. Nxd4 Nf6 5. Nc3 e5 6. Ndb5 d6 7. Bg5 a6 8. Na3 b5 9. Bxf6 gxf6 10. Nd5 f5 11. g3 fxe4 12. Bg2 Bg7 13. Bxe4 Be6 14. Qh5 Rc8 15. c3 Ne7 16. Rd1 Rc5 17. Nxe7 Qxe7 18. 0-0 d5 19. Bf5 Bxf5 20. Qxf5 Qe6 21. Qh5 0-0 22. Nc2 f5 23. Rfe1 f4 24. g4 Rd8 25. Nd4 Qf6 26. Nf3 b4 27. Nxe5 bxc3 28. bxc3 Rxc3 29. Nd7 Qg6 30. Qxd5+ Kh8 31. Ne5 Rxd5 32. Nxg6+ hxg6 33. Rxd5 Ra3 34. Rd7 1-0

[Event "Asia-ch (Women)"]
[Site "Al Ain"]
[Date "2025.05.09"]
[Round "3"]
[White "Yakimova, Mariya"]
[Black "Bodnaruk, Anastasia"]
[Result "0-1"]
[WhiteElo "2260"]
[BlackElo "2332"]
[PlyCount "108"]
[EventDate "2025.05.07"]
[EventType "swiss"]
[EventRounds "9"]
[EventCountry "UAE"]
[SourceTitle "CB21_2025"]
[SourceDate "2025.05.21"]
[SourceVersion "1"]
[SourceVersionDate "2025.05.21"]
[SourceQuality "1"]

1. d4 Nf6 2. c4 g6 3. Nc3 Bg7 4. e4 d6 5. Be2 0-0 6. Nf3 e5 7. d5 a5 8. Be3 Na6 9. Nd2 Nd7 10. g4 Ndc5 11. h4 f5 12. f3 fxg4 13. fxg4 Bd7 14. a3 a4 15. Qc2 c6 16. 0-0-0 h6 17. Kb1 Rb8 18. Rdg1 b5 19. g5 h5 20. Bxc5 dxc5 21. dxc6 b4 22. cxd7 bxc3 23. Qxc3 Qxd7 24. Rg3 Rb6 25. Rd3 Qc6 26. Ka1 Nc7 27. Rb1 Ne6 28. Rd5 Rf4 29. Qg3 Nd4 30. Bd1 Kh7 31. Qh2 Rb7 32. Qg3 Rbf7 33. Qc3 Rxh4 34. Qa5 Rh2 35. Bxa4 Qe6 36. Nb3 h4 37. Nxc5 Qg4 38. Qb6 Qxg5 39. Rd7 Rhf2 40. Ne6 Qg4 41. Nxd4 exd4 42. Rxf7 Rxf7 43. Qc6 d3 44. e5 Bxe5 45. Qd5 Qf5 46. Bc6 h3 47. Rd1 Rc7 48. Ka2 h2 49. a4 Qf6 50. Bb5 Qd6 51. Qxd6 Bxd6 52. Rh1 d2 53. Kb3 Re7 54. Bc6 Re1 0-1

[Event "RUS-chT (Women)"]
[Site "Sochi"]
[Date "2025.04.28"]
[Round "3.3"]
[White "Yakimova, Mariya"]
[Black "Iudina, Veronika"]
[Result "1-0"]
[WhiteElo "2266"]
[BlackElo "2032"]
[PlyCount "53"]
[EventDate "2025.04.26"]
[EventType "team-swiss"]
[EventRounds "9"]
[EventCountry "RUS"]
[SourceTitle "CB19_2025"]
[SourceDate "2025.05.07"]
[SourceVersion "1"]
[SourceVersionDate "2025.05.07"]
[SourceQuality "1"]
[WhiteTeam "St Petersburg SSHOR (W)"]
[BlackTeam "St Petersburg SSHOR (W) II"]
[WhiteTeamCountry "RUS"]
[BlackTeamCountry "RUS"]

1. d4 d5 2. c4 e6 3. Nc3 h6 4. cxd5 exd5 5. Bf4 Nf6 6. e3 Bd6 7. Bxd6 Qxd6 8. Bd3 0-0 9. Nge2 Re8 10. Qc2 c6 11. h3 b6 12. 0-0 Na6 13. a3 Nc7 14. Rac1 Bd7 15. Nf4 Rac8 16. Rfd1 Re7 17. Bf5 Nce8 18. Bxd7 Qxd7 19. Nd3 Nd6 20. Ne2 Qe8 21. Nef4 Nfe4 22. Ne5 g5 23. Ne2 f6 24. Nd3 Nf5 25. Nb4 a5 26. Nxd5 Rb7 27. Qxe4 1-0

[Event "RUS-ch U20 Girls playoff"]
[Site "Barnaul"]
[Date "2025.03.30"]
[Round "2"]
[White "Yakimova, Mariya"]
[Black "Zhurova, Anna"]
[Result "1/2-1/2"]
[WhiteElo "2201"]
[BlackElo "2307"]
[PlyCount "63"]
[EventDate "2025.03.22"]
[EventType "match (rapid)"]
[EventRounds "2"]
[EventCountry "RUS"]
[SourceTitle "CB14_2025"]
[SourceDate "2024.11.01"]
[SourceVersion "1"]
[SourceVersionDate "2024.11.01"]
[SourceQuality "1"]

1. d4 Nf6 2. c4 e6 3. Nc3 d5 4. cxd5 exd5 5. Bg5 Bb4 6. e3 h6 7. Bh4 g5 8. Bg3 Ne4 9. Nge2 h5 10. h4 Bg4 11. Qb3 Nxg3 12. Nxg3 Nc6 13. Bb5 gxh4 14. Nge2 Qd6 15. Nf4 a6 16. Bxc6+ bxc6 17. a3 Ba5 18. Qc2 Bb6 19. Na4 Bxd4 20. exd4 Qxf4 21. Qxc6+ Ke7 22. 0-0 Be6 23. Rfe1 h3 24. Nc5 Qg4 25. Qxc7+ Kf6 26. Qe5+ Kg6 27. Qg3 Kf6 28. Re3 hxg2 29. Qe5+ Ke7 30. Qc7+ Kf6 31. Qe5+ Ke7 32. Qc7+ 1/2-1/2

[Event "RUS-ch U20 Girls"]
[Site "Barnaul"]
[Date "2025.03.27"]
[Round "6"]
[White "Borisova, Polina A"]
[Black "Yakimova, Mariya"]
[Result "0-1"]
[WhiteElo "2034"]
[BlackElo "2201"]
[PlyCount "78"]
[EventDate "2025.03.22"]
[EventType "tourn"]
[EventRounds "9"]
[EventCountry "RUS"]
[SourceTitle "CB14_2025"]
[SourceDate "2024.11.01"]
[SourceVersion "1"]
[SourceVersionDate "2024.11.01"]
[SourceQuality "1"]

1. e4 c5 2. Nf3 Nc6 3. d4 cxd4 4. Nxd4 Nf6 5. Nc3 d6 6. Bc4 e6 7. Be3 a6 8. Qe2 Bd7 9. Bb3 Na5 10. Rg1 b5 11. a3 Nxb3 12. Nxb3 Qc7 13. g4 d5 14. exd5 b4 15. dxe6 Bxe6 16. axb4 Bxb4 17. Bd2 0-0 18. 0-0-0 Rac8 19. Kb1 Nd5 20. Rg3 Nb6 21. Be1 Bc4 22. Qf3 Rfe8 23. Rc1 a5 24. Rh3 a4 25. Nd4 a3 26. bxa3 Bc5 27. Ndb5 Qe7 28. Bd2 Bxa3 29. Nd5 Bxd5 30. Qxa3 Qb7 31. Nd6 Qb8 32. Qb4 Nc4 33. Nxc4 Bxc4 34. Bc3 Qa8 35. Qa5 Rb8+ 36. Ka1 Qc6 37. Qa3 Ra8 38. Ba5 Qd5 39. Rh5 g5 0-1

[Event "RUS-ch U20 Girls"]
[Site "Barnaul"]
[Date "2025.03.22"]
[Round "1"]
[White "Yakimova, Mariya"]
[Black "Goriachkina, Oksana"]
[Result "0-1"]
[WhiteElo "2201"]
[BlackElo "2048"]
[PlyCount "118"]
[EventDate "2025.03.22"]
[EventType "tourn"]
[EventRounds "9"]
[EventCountry "RUS"]
[SourceTitle "CB14_2025"]
[SourceDate "2024.11.01"]
[SourceVersion "1"]
[SourceVersionDate "2024.11.01"]
[SourceQuality "1"]

1. c4 c6 2. Nf3 d5 3. e3 Nf6 4. d4 Bf5 5. Nc3 e6 6. Nh4 Bg4 7. Qc2 Ne4 8. g3 Nxc3 9. bxc3 Be7 10. h3 Bh5 11. Qb3 b6 12. cxd5 cxd5 13. Bb5+ Nd7 14. Rg1 0-0 15. Bd2 a6 16. Bd3 Bxh4 17. gxh4 Qxh4 18. Rg3 Nf6 19. Qb1 Ne4 20. Bxe4 Qxe4 21. Qxe4 dxe4 22. Rb1 Rab8 23. Bc1 Rfc8 24. Kd2 Bg6 25. Ba3 Rc6 26. Rb3 Rd8 27. Kc2 f6 28. Rg1 Rd5 29. Rgb1 b5 30. Bc5 Be8 31. c4 bxc4 32. Rb8 Kf7 33. Kc3 Rc7 34. R1b6 a5 35. Ra6 a4 36. Raa8 Bc6 37. Rf8+ Kg6 38. Ra6 Rf5 39. Bd6 Bb5 40. Ra5 Rd7 41. Bg3 Rb7 42. Rc8 Kf7 43. h4 h5 44. Bf4 Rd5 45. Bg3 Kg6 46. Rc5 Rxc5 47. dxc5 e5 48. Kb4 Kf5 49. Ra8 Ke6 50. Rd8 Ke7 51. Ra8 Kd7 52. Rh8 Kc7 53. Rh7 Kc6 54. Rxh5 Kd5 55. Rh7 Bc6+ 56. Kc3 Kxc5 57. h5 Rd7 58. Kc2 a3 59. h6 Ba4+ 0-1

[Event "Wch U20 Girls 41st"]
[Site "Petrovac"]
[Date "2025.03.03"]
[Round "7"]
[White "Yakimova, Mariya"]
[Black "Allahverdiyeva, Ayan"]
[Result "1-0"]
[WhiteElo "2201"]
[BlackElo "2284"]
[PlyCount "57"]
[EventDate "2025.02.25"]
[EventType "swiss"]
[EventRounds "11"]
[EventCountry "MNE"]
[SourceTitle "CB11_2025"]
[SourceDate "2025.03.12"]
[SourceVersion "1"]
[SourceVersionDate "2025.03.12"]
[SourceQuality "1"]

1. d4 Nf6 2. c4 e6 3. Nc3 Bb4 4. e3 0-0 5. Bd3 Re8 6. Nge2 d5 7. a3 Bf8 8. 0-0 Nbd7 9. cxd5 exd5 10. Nf4 Nb6 11. a4 a5 12. b3 Bb4 13. Nce2 Qe7 14. Ra2 Ne4 15. f3 Nd6 16. g4 h6 17. Kh1 c6 18. Ng3 c5 19. dxc5 Bxc5 20. Bb1 Bxe3 21. Qd3 Kf8 22. Qh7 Qg5 23. Ngh5 Bxc1 24. Ng6+ Qxg6 25. Bxg6 Re6 26. Qxg7+ Ke7 27. Bf5 Nxf5 28. gxf5 Rc6 29. Re2+ 1-0

[Event "Wch U20 Girls 41st"]
[Site "Petrovac"]
[Date "2025.02.28"]
[Round "4"]
[White "Yakimova, Mariya"]
[Black "Mungunzul, Bat Erdene"]
[Result "1-0"]
[WhiteElo "2201"]
[BlackElo "2268"]
[PlyCount "125"]
[EventDate "2025.02.25"]
[EventType "swiss"]
[EventRounds "11"]
[EventCountry "MNE"]
[SourceTitle "CB11_2025"]
[SourceDate "2025.03.12"]
[SourceVersion "1"]
[SourceVersionDate "2025.03.12"]
[SourceQuality "1"]

1. d4 Nf6 2. c4 c5 3. d5 g6 4. Nc3 d6 5. e4 Bg7 6. h3 0-0 7. Nf3 e6 8. Be2 Na6 9. 0-0 e5 10. g4 h5 11. Ng5 Nh7 12. Nxh7 Kxh7 13. Kg2 hxg4 14. hxg4 Rh8 15. Rh1+ Kg8 16. Rxh8+ Bxh8 17. Be3 Nc7 18. Qh1 Bg7 19. g5 Bd7 20. a4 Ne8 21. Bd2 Rb8 22. Qh4 a6 23. a5 b5 24. axb6 Rxb6 25. Nd1 Rb3 26. Bc3 a5 27. Ne3 a4 28. Bd1 Rb7 29. Bg4 f6 30. Bxd7 Qxd7 31. f3 Ra7 32. Qg4 Qe7 33. gxf6 Qxf6 34. Qc8 Qg5+ 35. Ng4 Kf8 36. b4 Rc7 37. Qe6 Re7 38. Qc8 Rc7 39. Qb8 cxb4 40. Bxb4 Qe7 41. Rxa4 Kf7 42. Ra8 Rb7 43. Qxe8+ Qxe8 44. Rxe8 Kxe8 45. Bxd6 Rb2+ 46. Kg3 Rc2 47. c5 Kd7 48. Bxe5 Bf8 49. c6+ Kc8 50. Ne3 Rc1 51. Bb2 Rg1+ 52. Kf2 Rh1 53. Bd4 Rc1 54. Ng4 Bb4 55. Ne5 Rc2+ 56. Kg3 Bd6 57. Kg4 Rd2 58. Nc4 Rg2+ 59. Kh4 Bb4 60. Be5 Bc5 61. Nd6+ Bxd6 62. Bxd6 Rg1 63. Be5 1-0

[Event "RUS-chT Rapid (Women)"]
[Site "Sochi"]
[Date "2024.10.19"]
[Round "9.5"]
[White "Tarasenka, Aliaksandra"]
[Black "Yakimova, Mariya"]
[Result "1-0"]
[WhiteElo "2144"]
[BlackElo "2217"]
[PlyCount "49"]
[EventDate "2024.10.18"]
[EventType "team-swiss (rapid)"]
[EventRounds "9"]
[EventCountry "RUS"]
[SourceTitle "CB43_2024"]
[Source "Chessbase"]
[SourceDate "2024.10.23"]
[SourceVersion "1"]
[SourceVersionDate "2024.10.23"]
[SourceQuality "1"]
[WhiteTeam "Belarus (W)"]
[BlackTeam "Tatarstan (W)"]
[WhiteTeamCountry "BLR"]
[BlackTeamCountry "RUS"]

1. e4 c5 2. Nc3 Nc6 3. Bb5 Nd4 4. Bc4 d6 5. Nge2 Nf6 6. 0-0 a6 7. a4 e5 8. d3 Be7 9. f4 Bg4 10. h3 Bxe2 11. Nxe2 Nxe2+ 12. Qxe2 h6 13. Qf2 Qd7 14. a5 0-0-0 15. fxe5 dxe5 16. Be3 Qd6 17. c3 Rhf8 18. b4 cxb4 19. cxb4 Qxb4 20. Rfb1 Qd6 21. Rb6 Qc7 22. Rc1 Nd7 23. Rxb7 Qxa5 24. Bd5+ Nc5 25. Rxe7 1-0

[Event "RUS-chT Rapid (Women)"]
[Site "Sochi"]
[Date "2024.10.19"]
[Round "6.13"]
[White "Yakimova, Mariya"]
[Black "Kuznetsova, Marina"]
[Result "0-1"]
[WhiteElo "2217"]
[BlackElo "2032"]
[PlyCount "102"]
[EventDate "2024.10.18"]
[EventType "team-swiss (rapid)"]
[EventRounds "9"]
[EventCountry "RUS"]
[SourceTitle "CB43_2024"]
[Source "Chessbase"]
[SourceDate "2024.10.23"]
[SourceVersion "1"]
[SourceVersionDate "2024.10.23"]
[SourceQuality "1"]
[WhiteTeam "Tatarstan (W)"]
[BlackTeam "St Petersburg SSHOR (W) II"]
[WhiteTeamCountry "RUS"]
[BlackTeamCountry "RUS"]

1. d4 Nf6 2. Nf3 d5 3. e3 e6 4. Bd3 Bd6 5. 0-0 0-0 6. b3 c5 7. Bb2 cxd4 8. exd4 Nc6 9. a3 b6 10. Nbd2 Bb7 11. Ne5 Rc8 12. Qe2 Ne7 13. f4 Nf5 14. g4 Ne7 15. Qg2 Rc7 16. Rae1 Qc8 17. g5 Ne4 18. c4 Bxe5 19. fxe5 Nxd2 20. Qxd2 dxc4 21. bxc4 Rxc4 22. Bxc4 Qxc4 23. Rc1 Qd5 24. Rc7 Qh1+ 25. Kf2 Qxh2+ 26. Ke1 Qh4+ 27. Kd1 Ba6 28. Rg1 Nd5 29. Rxa7 Bb5 30. Kc1 Qe4 31. Bc3 Rc8 32. Kb2 Nf4 33. Ka1 Ne2 34. Re1 Qf3 35. Bb2 Bc4 36. Qb4 b5 37. Qe7 Rf8 38. Qb4 Qf4 39. Rc7 Nxd4 40. Rxc4 bxc4 41. Qxc4 Qd2 42. Rc1 Nf5 43. a4 Qxg5 44. Ba3 Re8 45. Qc6 Qd8 46. a5 Nd4 47. Qc4 Qxa5 48. Ka2 Nb5 49. Qb4 Qxa3+ 50. Qxa3 Nxa3 51. Kxa3 h5 0-1

[Event "RUS-chT Rapid (Women)"]
[Site "Sochi"]
[Date "2024.10.18"]
[Round "3.5"]
[White "Yakimova, Mariya"]
[Black "Afonasieva, Anna"]
[Result "1-0"]
[WhiteElo "2217"]
[BlackElo "2114"]
[PlyCount "73"]
[EventDate "2024.10.18"]
[EventType "team-swiss (rapid)"]
[EventRounds "9"]
[EventCountry "RUS"]
[SourceTitle "CB43_2024"]
[Source "Chessbase"]
[SourceDate "2024.10.23"]
[SourceVersion "1"]
[SourceVersionDate "2024.10.23"]
[SourceQuality "1"]
[WhiteTeam "Tatarstan (W)"]
[BlackTeam "Krym Kimmeriya (W)"]
[WhiteTeamCountry "RUS"]
[BlackTeamCountry "RUS"]

1. d4 g6 2. e4 Bg7 3. Nc3 d6 4. f4 Nf6 5. Nf3 0-0 6. e5 dxe5 7. dxe5 Qxd1+ 8. Kxd1 Rd8+ 9. Ke1 Nd5 10. Nxd5 Rxd5 11. Bc4 Rd8 12. Ng5 e6 13. Be3 b6 14. Kf2 Bb7 15. h4 Nc6 16. c3 Ne7 17. h5 Nf5 18. hxg6 hxg6 19. Rh2 Nh6 20. Be2 Kf8 21. g4 Ke7 22. Nh7 Rh8 23. Nf6 Rad8 24. Rg1 Ng8 25. Rxh8 Bxh8 26. g5 Kf8 27. a4 a5 28. b4 Ne7 29. bxa5 bxa5 30. Bc5 Bc6 31. Bb5 Bxb5 32. axb5 Rd3 33. Rc1 a4 34. Ke2 Rh3 35. Rd1 Rh2+ 36. Kf3 Bxf6 37. gxf6 1-0

[Event "RUS-ch Rapid (Women)"]
[Site "Sochi"]
[Date "2024.10.16"]
[Round "9"]
[White "Miroshnik, Ekaterina"]
[Black "Yakimova, Mariya"]
[Result "0-1"]
[WhiteElo "2050"]
[BlackElo "2217"]
[PlyCount "56"]
[EventDate "2024.10.15"]
[EventType "swiss (rapid)"]
[EventRounds "11"]
[EventCountry "RUS"]
[SourceTitle "CB43_2024"]
[Source "Chessbase"]
[SourceDate "2024.10.23"]
[SourceVersion "1"]
[SourceVersionDate "2024.10.23"]
[SourceQuality "1"]

1. d3 Nf6 2. e4 d6 3. Nf3 c5 4. Be2 Nc6 5. c3 g6 6. 0-0 Bg7 7. Nbd2 0-0 8. Re1 e5 9. Nc4 Ne8 10. Ne3 f5 11. Nd5 Kh8 12. Bg5 Qd7 13. Bd2 f4 14. b4 Nf6 15. b5 Ne7 16. Nxf6 Bxf6 17. d4 g5 18. h3 h5 19. dxe5 dxe5 20. Nh2 g4 21. hxg4 Rg8 22. gxh5 Qh3 23. Bf1 Be6 24. Qf3 Qh4 25. Kh1 Rad8 26. Rad1 Bg4 27. Qxg4 Rxg4 28. Bc1 Rxd1 0-1

[Event "RUS-ch Rapid (Women)"]
[Site "Sochi"]
[Date "2024.10.16"]
[Round "10"]
[White "Yakimova, Mariya"]
[Black "Petrova, Elizaveta"]
[Result "1/2-1/2"]
[WhiteElo "2217"]
[BlackElo "1952"]
[PlyCount "66"]
[EventDate "2024.10.15"]
[EventType "swiss (rapid)"]
[EventRounds "11"]
[EventCountry "RUS"]
[SourceTitle "CB43_2024"]
[Source "Chessbase"]
[SourceDate "2024.10.23"]
[SourceVersion "1"]
[SourceVersionDate "2024.10.23"]
[SourceQuality "1"]

1. d4 d5 2. Nf3 Nf6 3. e3 a6 4. Bd3 Bg4 5. Nbd2 e6 6. h3 Bh5 7. 0-0 Be7 8. Qe1 Nbd7 9. Ne5 Nxe5 10. dxe5 Nd7 11. f4 Bg6 12. e4 dxe4 13. Bxe4 Nc5 14. Bxg6 hxg6 15. Nf3 Qd5 16. Be3 0-0-0 17. a4 Ne4 18. Kh2 f5 19. b4 Qc4 20. b5 Bb4 21. c3 Qxc3 22. bxa6 Qxe1 23. axb7+ Kxb7 24. Nxe1 Bxe1 25. Rfxe1 c5 26. Rec1 Kc6 27. Ra3 Rd5 28. a5 Ra8 29. a6 Ra7 30. Kg1 Rd8 31. Kh2 Rd5 32. Kg1 Rd8 33. Kh2 Rd5 1/2-1/2

[Event "RUS-ch Blitz (Women)"]
[Site "Sochi"]
[Date "2024.10.14"]
[Round "5"]
[White "Yakimova, Mariya"]
[Black "Chervyakova, Tatiana"]
[Result "1/2-1/2"]
[WhiteElo "2217"]
[BlackElo "1864"]
[PlyCount "80"]
[EventDate "2024.10.14"]
[EventType "swiss (blitz)"]
[EventRounds "13"]
[EventCountry "RUS"]
[SourceTitle "CB43_2024"]
[Source "Chessbase"]
[SourceDate "2024.10.23"]
[SourceVersion "1"]
[SourceVersionDate "2024.10.23"]
[SourceQuality "1"]

1. d4 Nf6 2. Nf3 e6 3. e3 c5 4. Bd3 Nc6 5. c3 d5 6. 0-0 Bd6 7. Nbd2 0-0 8. dxc5 Bxc5 9. e4 dxe4 10. Nxe4 Be7 11. Qc2 g6 12. Bh6 Re8 13. Rad1 Qc7 14. Rd2 Ne5 15. Nxe5 Qxe5 16. Nxf6+ Bxf6 17. Be3 Bg7 18. Bd4 Qc7 19. Bxg7 Kxg7 20. Rfd1 e5 21. Qa4 Be6 22. Be4 Red8 23. h3 Rxd2 24. Rxd2 f5 25. Bf3 e4 26. Be2 a6 27. Qd4+ Kf7 28. a3 Rc8 29. h4 Qc5 30. Qe3 Qxe3 31. fxe3 Ke7 32. Kf2 h6 33. Rd4 Rd8 34. Kg3 g5 35. hxg5 hxg5 36. Bh5 Rxd4 37. cxd4 Kd6 38. Bd1 Bc4 39. Bh5 Be6 40. Bd1 Bc4 1/2-1/2

[Event "RUS-ch Blitz (Women)"]
[Site "Sochi"]
[Date "2024.10.14"]
[Round "13"]
[White "Yakimova, Mariya"]
[Black "Nechaeva, Marina"]
[Result "1-0"]
[WhiteElo "2217"]
[BlackElo "2317"]
[PlyCount "65"]
[EventDate "2024.10.14"]
[EventType "swiss (blitz)"]
[EventRounds "13"]
[EventCountry "RUS"]
[SourceTitle "CB43_2024"]
[Source "Chessbase"]
[SourceDate "2024.10.23"]
[SourceVersion "1"]
[SourceVersionDate "2024.10.23"]
[SourceQuality "1"]

1. d4 Nf6 2. Nf3 e6 3. e3 d5 4. Bd3 Bd6 5. 0-0 0-0 6. b3 b6 7. Bb2 Bb7 8. Nbd2 Nbd7 9. Ne5 c5 10. f4 cxd4 11. exd4 Ne4 12. Qe2 f5 13. Ndf3 Ndf6 14. a4 a5 15. Bb5 Qc7 16. c4 dxc4 17. bxc4 Kh8 18. Rac1 Bb4 19. Nd3 Bd6 20. Nfe5 Rac8 21. Rfd1 Qd8 22. Qe1 Qe7 23. Kh1 Nh5 24. c5 bxc5 25. dxc5 Nxc5 26. Nxc5 Rxc5 27. Rxc5 Bxc5 28. Rd7 Bxg2+ 29. Kxg2 Nxf4+ 30. Kf3 Qf6 31. Nf7+ Rxf7 32. Bxf6 Rxf6 33. Rd8+ 1-0